000
00255nam a2200109Ia 4500
008
190216s9999||||xx |||||||||||||| ||und||
100
_a
Vijayan Nair
245
0
_a
Malayalam-Nalacharitham
260
_b
Vidyarthimithram
650
_a
Malayalam
942
_c
BK
999
_c
25261
_d
25261